000 03500nam a22008777a 4500
001 BRCA_9352
003 FranzMayer
005 20230913114912.0
008 230908b |||||||| |||| 00| 0 eng d
020 _a9788522521395
040 _aMFM
_bESPAÑOL
_cMFM
050 0 _aNK1127.5
_bF48 2019
110 1 _4Responsable
_aFGV
_929764
240 _aHistória do Rio de Janeiro em 45 Objetos
_lPortugués
245 0 _aHistória do Rio de Janeiro em 45 Objetos
260 _aRio de Janeiro, Brasil
_bFGV
_c2019
300 _a371 p
_bIlustraciones a color
_c23 cm
500 _aIncluye un dedicatoria al inicio del libro, para el museo Franz Mayer
500 _aL60/N6
505 _aTexto en: portuguésIncluye índice temáticoIncluye bibliografíaDirigido a: museógrafos, artistas
650 1 _2Artes decorativas
_aOrnamentación
_vObjetos
_929765
651 2 _2Brasil
_aRio de Janeiro
_vObjetos brasileños
_929766
700 1 _4Org.
_aKnauss, Paulo
_929767
700 1 _4Org.
_aLenzi, Isabel
_929768
700 1 _4Org
_aMalta, Marize
_929769
700 1 _4Foto
_aSantos Cox, Bernardo
_929770
700 1 _4Autor
_aMontenegro, Aline
_929771
700 1 _4Autor
_aChazkel, Amy
_929772
700 1 _4Autor
_aPessoa, Ana
_929773
700 1 _4Autor
_aVieira de Campos, André Luiz
_929774
700 1 _4Autor
_aKushnir, Beatriz
_929775
700 1 _4Autor
_aAgostini, Camilla
_929776
700 1 _4Autor
_aBaptista Andrade, Carlos
_929777
700 1 _4Autor
_aBalbi, Cesar
_929778
700 1 _4Autor
_aHeynemann, Claudia
_929779
700 1 _4Autor
_aMesquita, Claudia
_929780
700 1 _4Autor
_aOliveira de, Claudia
_929781
700 1 _4Autor
_aFigueiredo, Claudio
_929782
700 1 _4Autor
_aHonorato, Claudio
_929783
700 1 _4Autor
_aIpanema de, Cybelle
_929784
700 1 _4Autor
_aGuil,araens, Dinah Papi
_929785
700 1 _4Autor
_aFurquin Wernecklima, Evelyn
_929786
700 1 _4Autor
_aFerreira, Felipe
_929787
700 1 _4Autor
_aAlves do Carmo, Gustavo
_929788
700 1 _4Autor
_aMattos, Hebe
_929789
700 1 _4Autor
_aPessoa, José
_929790
700 1 _4Autor
_aBarreto Farias, Juliana
_929791
700 1 _4Autor
_aVidal, Laurent
_929792
700 1 _4Autor
_aBraga Martins, Luiza Mara
_929793
700 1 _4Autor
_aLadeira, Marcia
_929794
700 1 _4Autor
_aAlvez, Roiter, Marcio
_929795
700 1 _4Autor
_aBrum de Lopes. Marcos Felipe
_929796
700 1 _4Autor
_aTurazzi, Maria Inez
_929797
700 1 _4Autor
_aLenzi, Maria Isabel
_929798
700 1 _4Autor
_aBicalcho, Maria Fernanda
_929799
700 1 _4Autor
_aPace Chiavari, Maria
_929800
700 1 _4Autor
_aMoraes de Ferreira, Marieta
_929801
700 1 _4Autor
_aBrum, Mario
_929802
700 1 _4Autor
_aSoares, Mariza
_929803
700 1 _4Autor
_aMalta, Marize
_929769
700 1 _4Autor
_aPriori de, Mary
_929804
700 1 _4Autor
_aAmoroso, Mauro
_929805
700 1 _4Autor
_aKauffmann Bwnarush, Michelle
_929806
700 1 _4Autor
_aSantos da Silva, Monica
_929807
700 1 _4Autor
_aAranha, Paula
_929808
700 1 _4Autor
_aBelchior, Pedro
_929809
700 1 _4Autor
_aCardoso, Rafael
_929810
700 1 _4Autor
_aZamorano Bezerra, Rafael
_929811
700 1 _4Autor
_aCordeiro Gomes, Renato
_929812
700 1 _4Autor
_aIpanema de, Rogeria
_929813
700 1 _4Autor
_aQuadrat, Samantha
_929814
700 1 _4Autor
_aGomes Pereira, Sonia
_929815
700 1 _4Autor
_aCabaña, Vera
_929816
700 1 _4Autor
_aFava, Vivian
_929817
942 _2lcc
_cB
999 _c11064
_d11064